000 00463nam a22001817a 4500
005 20230530130508.0
008 230524b |||||||| |||| 00| 0 eng d
020 _a9788121920450
082 _a621.89
_bSRI-T
100 _aSrivastava;Sushil Kuma.ER
245 _aTribology in Industries
260 _aIndia
_bS.Chand & Co.
_c2014
300 _a262
500 _aIncludes Index
650 _aEngineering
700 _aEr.Sushil Kumar Srivastava
999 _c18487
_d18487